Classifica Pallone d'Oro 2002 - Statistics

Statistiche generali
  • Questo quiz è stato fatto 56 volte
  • Il punteggio medio è 13 su 26
Statistiche sulle risposte
Punti Nazione Squadra Calciatore % Corretto
171 Brasile Inter / Real Madrid Ronaldo
98%
78 Francia Real Madrid Zinédine Zidane
95%
8 Brasile Paris Saint-Germain Ronaldinho
85%
54 Francia Arsenal Thierry Henry
85%
12 Italia Juventus Alessandro Del Piero
83%
114 Germania Bayern Monaco Oliver Kahn
78%
38 Spagna Real Madrid Raúl González Blanco
78%
3 Portogallo Real Madrid Luis Figo
75%
29 Brasile Barcellona/Milan Rivaldo
73%
145 Brasile Real Madrid Roberto Carlos
73%
4 Brasile Roma Cafu
63%
1 Italia Milan Filippo Inzaghi
60%
5 Inghilterra Liverpool Michael Owen
60%
5 Paesi Bassi Manchester United Ruud van Nistelrooy
55%
67 Germania Bayer Lverkusen / Bayern Monaco Michael Ballack
53%
4 Francia Arsenal Patrick Vieira
40%
3 Brasile Bayer Leverkusen Lúcio
35%
2 Inghilterra Leeds Utd / Manchester United Rio Ferdinand
30%
1 Paesi Bassi Deportivo La Coruña Roy Makaay
30%
4 Germania Bayer Leverkusen Bernd Schneider
18%
4 Spagna Deportivo La Coruña Juan Carlos Valerón
15%
2 Senegal Lens / Liverpool El Hadji Diouf
13%
10 Turchia Galatasaray Hasan Şaş
13%
2 Senegal Lens Papa Bouba Diop
13%
13 Turchia Bayer Lverkusen Yıldıray Baştürk
13%
1 Spagna Valencia Rubén Baraja
10%
Nessun quiz corrispondente trovato
Distribuzione punteggi
Percentuale di utenti per punteggio
Percentile per numero di risposta
I tuoi punteggi nel tempo
Non hai fatto questo quiz